000 00563nam a2200205Ia 4500
001 9786
003 IVS
005 20250626030250.0
008 211022s9999 xx 000 0 und d
040 _cIVS
082 _a746 AQS
100 _aAqsa Razzaq
245 0 _aEco Friendly fibers and fabrics in the textile industries of Pakistan
260 _aKarachi
260 _bIndus Valley School
260 _c2010
300 _a68 (leaves)
856 _uhttps://drive.google.com/file/d/1HQOLj2k6yMcC3fD-_uy5VyYIr-e3qtoK/view?usp=sharing
942 _cDISS
_2ddc
_n0
999 _c9372
_d9372